[Event "Lichtenberger Sommer 2018"]
[Site "?"]
[Date "2018.08.23"]
[Round "6.20"]
[White "Vogel, Robert"]
[Black "Matitschka, Heinz"]
[Result "1-0"]
[WhiteElo "2134"]
[BlackElo "1938"]
[PlyCount "79"]
[EventDate "2018.??.??"]
[WhiteTeam "SG Pang-Rosenheim"]
[BlackTeam "TSG Oberschöneweide"]

1. d4 Nf6 2. c4 e6 3. Nc3 Bb4 4. g3 O-O 5. Bg2 d5 6. cxd5 exd5 7. Nf3 c6 8. O-O
Re8 9. a3 Bxc3 10. bxc3 Ne4 11. Bb2 Nd7 12. Nd2 Ndf6 13. Nxe4 Nxe4 14. c4 b6
15. cxd5 cxd5 16. Rc1 Ba6 17. Re1 Rc8 18. f3 Rxc1 19. Qxc1 Nd6 20. e4 Nc4 21.
Bc3 Bb7 22. a4 Qd7 23. Qa1 Bc6 24. Bf1 Bxa4 25. Bxc4 dxc4 26. d5 f6 27. Qa2 Qb5
28. Qd2 Rd8 29. g4 Qc5+ 30. Kg2 a5 31. g5 Qf8 32. gxf6 gxf6 33. e5 Bc6 34. d6
Bxf3+ 35. Kxf3 fxe5+ 36. Ke4 Qf4+ 37. Qxf4 exf4 38. Kd5 Rd7 39. Ke6 Rd8 40. Ke7
1-0

[Event "Lichtenberger Sommer 2018"]
[Site "?"]
[Date "2018.08.23"]
[Round "6.21"]
[White "Daverkausen, Bernd"]
[Black "Alten, Silvio"]
[Result "1/2-1/2"]
[WhiteElo "2132"]
[BlackElo "1899"]
[PlyCount "58"]
[EventDate "2018.??.??"]
[WhiteTeam "Kölner SK Dr. Lasker"]
[BlackTeam "SV Mattnetz Berlin"]

1. c4 Nf6 2. Nf3 e6 3. g3 d5 4. Bg2 Be7 5. O-O O-O 6. d4 Nbd7 7. Qc2 c6 8. b3
b6 9. Rd1 Bb7 10. Nc3 Re8 11. e4 Nf8 12. Ne5 Rc8 13. Bb2 Qc7 14. Rac1 Ng6 15.
exd5 cxd5 16. Qe2 dxc4 17. bxc4 Bxg2 18. Kxg2 Qb7+ 19. Qf3 Qxf3+ 20. Kxf3 Red8
21. Nb5 a6 22. Na7 Rc7 23. Nac6 Nxe5+ 24. Nxe5 Rdc8 25. d5 exd5 26. cxd5 Rxc1
27. Bxc1 Nxd5 28. Rxd5 Rxc1 29. Rd7 Bf6 1/2-1/2

[Event "Lichtenberger Sommer 2018"]
[Site "?"]
[Date "2018.08.23"]
[Round "6.22"]
[White "Meyer-Dunker, Paul"]
[Black "Bornschein, Burkhard"]
[Result "1-0"]
[WhiteElo "2017"]
[BlackElo "1971"]
[PlyCount "53"]
[EventDate "2018.??.??"]
[WhiteTeam "SC Friesen Lichtenberg"]
[BlackTeam "BSC Rehberge"]

1. e4 c5 2. Nf3 d6 3. d4 cxd4 4. Nxd4 Nf6 5. Nc3 a6 6. Be3 e5 7. Nb3 Be7 8. f3
Be6 9. Qd2 Nc6 10. O-O-O O-O 11. g4 Rc8 12. Kb1 Kh8 13. h4 Na5 14. h5 Nc4 15.
Bxc4 Bxc4 16. g5 Nd7 17. g6 hxg6 18. hxg6+ Kg8 19. Na5 Rc7 20. Nxc4 Rxc4 21.
Qd5 Rc6 22. gxf7+ Rxf7 23. Rh8+ Kxh8 24. Qxf7 Bh4 25. Rh1 g5 26. Nd5 Nf8 27.
Ne7 1-0

[Event "Lichtenberger Sommer 2018"]
[Site "?"]
[Date "2018.08.23"]
[Round "6.23"]
[White "Schmidt, Rico"]
[Black "Freundorfer, Josef"]
[Result "0-1"]
[WhiteElo "1804"]
[BlackElo "2147"]
[PlyCount "94"]
[EventDate "2018.??.??"]
[WhiteTeam "SG Weißensee 49"]
[BlackTeam "MTV Ingolstadt"]

1. Nf3 Nf6 2. g3 g6 3. Bg2 Bg7 4. O-O O-O 5. d3 d6 6. e4 e5 7. a4 Na6 8. c3 Be6
9. Ng5 Bg4 10. f3 Bd7 11. f4 h6 12. Nf3 Qe7 13. Na3 Nh5 14. f5 Nf6 15. Nc4 Rad8
16. Ne3 c6 17. fxg6 fxg6 18. Nh4 Kh7 19. b4 Be6 20. Ba3 Nd7 21. Re1 Qf7 22. Qe2
Qg8 23. Rab1 Qf7 24. Rb2 Nb6 25. b5 Nb8 26. Qc2 Qc7 27. d4 cxb5 28. d5 Bd7 29.
axb5 Rc8 30. Bb4 Rf6 31. Ba5 Qc5 32. Kh1 Bxb5 33. Bh3 Bd7 34. Bb4 Qc7 35. Bf1
Rcf8 36. Ra1 Na6 37. Bxa6 bxa6 38. Rxa6 Bb5 39. Ra1 Nc4 40. Nxc4 Qxc4 41. Rd1
a6 42. Kg1 Rf1+ 43. Kg2 g5 44. Bxd6 Rxd1 45. Qxd1 Rf1 46. Qe2 Qxe2+ 47. Rxe2
Bxe2 0-1

[Event "Lichtenberger Sommer 2018"]
[Site "?"]
[Date "2018.08.23"]
[Round "6.24"]
[White "Segerberg, Tomas"]
[Black "Grassi, Fabrizio"]
[Result "1-0"]
[WhiteElo "2101"]
[BlackElo "1896"]
[PlyCount "63"]
[EventDate "2018.??.??"]
[WhiteTeam "SG NARVA Berlin"]
[BlackTeam "SV Berlin-Friedrichstadt"]

1. e4 d5 2. exd5 Nf6 3. Bb5+ Bd7 4. Be2 Nxd5 5. d4 Bf5 6. Nf3 e6 7. O-O Be7 8.
a3 Nc6 9. c4 Nb6 10. Nc3 Bf6 11. Be3 O-O 12. b4 e5 13. d5 e4 14. Nd4 Nxd4 15.
Bxd4 c6 16. Bxf6 Qxf6 17. dxc6 Qxc3 18. cxb7 Rad8 19. Qc1 Qd2 20. Re1 Qd7 21.
c5 Qxb7 22. cxb6 axb6 23. Qf4 Bg6 24. a4 Rd4 25. Reb1 Rfd8 26. a5 e3 27. a6
Rxf4 28. axb7 exf2+ 29. Kf1 Re4 30. Rd1 Rb8 31. Ra8 Ree8 32. Rda1 1-0

[Event "Lichtenberger Sommer 2018"]
[Site "?"]
[Date "2018.08.23"]
[Round "6.26"]
[White "Jeremic, Dusan"]
[Black "Korell, Klaus-Peter"]
[Result "1-0"]
[WhiteElo "2123"]
[BlackElo "1847"]
[PlyCount "61"]
[EventDate "2018.??.??"]
[WhiteTeam "SF 1903 Berlin"]
[BlackTeam "SG TT/Wiheil"]

1. e4 e6 2. d4 d5 3. Nc3 Bb4 4. exd5 exd5 5. Bd3 Nc6 6. Nge2 Nge7 7. O-O O-O 8.
a3 Bxc3 9. bxc3 Bf5 10. Bb5 Na5 11. Ng3 Bg6 12. f4 Nf5 13. Nh1 c6 14. Bd3 h6
15. g4 Nd6 16. f5 Bh7 17. f6 Bxd3 18. Qxd3 Re8 19. Qf3 Re6 20. fxg7 Kxg7 21.
Bf4 f6 22. Ng3 Nf7 23. Be5 Nxe5 24. dxe5 Rxe5 25. Nh5+ Kh8 26. Qxf6+ Qxf6 27.
Rxf6 Rxh5 28. gxh5 Rg8+ 29. Kf2 Kh7 30. Re1 Rg7 31. Ree6 1-0

[Event "Lichtenberger Sommer 2018"]
[Site "?"]
[Date "2018.08.23"]
[Round "6.27"]
[White "Heuser, Philip"]
[Black "Lichii, Elizaveta"]
[Result "1-0"]
[WhiteElo "2049"]
[BlackElo "1807"]
[PlyCount "131"]
[EventDate "2018.??.??"]
[WhiteTeam "Münchener SC"]
[BlackTeam "vereinslos"]

1. d4 Nf6 2. c4 e6 3. Nf3 Bb4+ 4. Nbd2 d5 5. a3 Be7 6. e3 O-O 7. Bd3 Nbd7 8. b4
a5 9. cxd5 exd5 10. b5 Nb6 11. Qc2 Bd7 12. Nb3 c6 13. bxc6 Bxc6 14. Nc5 Nc8 15.
Ne5 Nd6 16. Nxc6 bxc6 17. Bd2 Re8 18. O-O Bf8 19. Rfc1 Nde4 20. Nxe4 dxe4 21.
Be2 Re6 22. Be1 Qd6 23. Qa4 Nd5 24. Rc5 Rh6 25. h3 Qg6 26. Rxa5 Rxa5 27. Qxa5
Rxh3 28. Qd8 Rh6 29. Bb4 Nxb4 30. axb4 Qd6 31. Qxd6 Rxd6 32. Bc4 Rd7 33. Ra8 g6
34. Re8 Re7 35. Rc8 Rd7 36. b5 cxb5 37. Bxb5 Ra7 38. Re8 Re7 39. Rd8 Rb7 40.
Bc6 Re7 41. d5 Kg7 42. d6 Re6 43. d7 Be7 44. Rc8 Rd6 45. g4 g5 46. Rc7 Bd8 47.
Rc8 Be7 48. Ba4 h6 49. Rc4 Re6 50. Rd4 Bd8 51. Bc2 Re7 52. Bxe4 Bb6 53. Bf5 Bd8
54. Rc4 Re5 55. Rc8 Be7 56. d8=Q Bxd8 57. Rxd8 h5 58. Kg2 hxg4 59. Bxg4 f5 60.
Bf3 Kf6 61. Rd6+ Kg7 62. Rd5 Kf6 63. Rxe5 Kxe5 64. Kg3 Kf6 65. e4 g4 66. Bxg4
1-0

[Event "Lichtenberger Sommer 2018"]
[Site "?"]
[Date "2018.08.23"]
[Round "6.28"]
[White "Strehlow, Horst"]
[Black "Rohde, Wolfgang"]
[Result "0-1"]
[WhiteElo "1981"]
[BlackElo "2085"]
[PlyCount "46"]
[EventDate "2018.??.??"]
[WhiteTeam "SG TT/WiHeil"]
[BlackTeam "SC Friesen Lichtenberg"]

1. e4 c5 2. Nf3 e6 3. Nc3 Nc6 4. g3 d5 5. Qe2 d4 6. Nb1 e5 7. Bg2 Nf6 8. d3 Be6
9. O-O h6 10. Nbd2 Be7 11. b3 b5 12. a4 a6 13. axb5 axb5 14. Bb2 Nd7 15. Rxa8
Qxa8 16. Ra1 Qb7 17. Ne1 O-O 18. f4 f6 19. f5 Bf7 20. g4 Ra8 21. Rxa8+ Qxa8 22.
Bc1 Qa1 23. Qd1 Nb4 0-1

[Event "Lichtenberger Sommer 2018"]
[Site "?"]
[Date "2018.08.23"]
[Round "6.29"]
[White "Lehmkuhl, Stefan"]
[Black "Seitz, Patrick"]
[Result "0-1"]
[WhiteElo "1892"]
[BlackElo "1998"]
[PlyCount "40"]
[EventDate "2018.??.??"]
[WhiteTeam "Breloher SC"]
[BlackTeam "SC Böblingen"]

1. d4 Nf6 2. c4 c5 3. d5 e6 4. Nc3 exd5 5. cxd5 d6 6. e4 g6 7. Bd3 Bg7 8. Nge2
O-O 9. O-O Re8 10. h3 Nbd7 11. Ng3 Rb8 12. Re1 Ne5 13. Bf1 a6 14. a4 c4 15. f4
Neg4 16. Bxc4 Qb6+ 17. Be3 Nxe3 18. a5 Nxd1+ 19. axb6 Nxc3 20. bxc3 Nd7 0-1

[Event "Lichtenberger Sommer 2018"]
[Site "?"]
[Date "2018.08.23"]
[Round "6.30"]
[White "Elsing, Jan"]
[Black "Kromer, Thomas"]
[Result "1-0"]
[WhiteElo "2129"]
[BlackElo "1839"]
[PlyCount "59"]
[EventDate "2018.??.??"]
[WhiteTeam "SC Friesen Lichtenberg"]
[BlackTeam "SF Riedlingen"]

1. c4 f5 2. Nc3 Nf6 3. g3 e6 4. Bg2 Bb4 5. e3 Nc6 6. Qc2 O-O 7. Nge2 Qe8 8. a3
Bxc3 9. Nxc3 a6 10. d4 d6 11. O-O Bd7 12. b3 f4 13. gxf4 e5 14. fxe5 dxe5 15.
d5 Ne7 16. f4 exf4 17. e4 Ng6 18. Bxf4 Ng4 19. Bg3 Rxf1+ 20. Bxf1 Qe7 21. d6
Qg5 22. Nd5 N6e5 23. Bg2 Rf8 24. dxc7 Nxh2 25. Kxh2 Qh5+ 26. Kg1 Nf3+ 27. Bxf3
Rxf3 28. Bh2 Qf7 29. Qg2 Qf8 30. Rf1 1-0

[Event "Lichtenberger Sommer 2018"]
[Site "?"]
[Date "2018.08.23"]
[Round "6.31"]
[White "Sabrowski, Uwe"]
[Black "Neuwald, Volker"]
[Result "1/2-1/2"]
[WhiteElo "2106"]
[BlackElo "1786"]
[PlyCount "113"]
[EventDate "2018.??.??"]
[WhiteTeam "SC Friesen Lichtenberg"]
[BlackTeam "SK Ottenau"]

1. d4 Nf6 2. Nf3 d5 3. c4 c6 4. Nc3 e6 5. cxd5 exd5 6. Bg5 Be7 7. e3 O-O 8. Bd3
h6 9. Bf4 Be6 10. h3 Nbd7 11. Qc2 Rc8 12. O-O Re8 13. Rab1 c5 14. Bf5 Qb6 15.
Bxe6 Qxe6 16. Qb3 Rc6 17. Rfe1 Rb6 18. Qd1 Ne4 19. Nxe4 dxe4 20. d5 Qf5 21. g4
Qg6 22. Nd2 h5 23. Qa4 Nf6 24. g5 Rd8 25. Kh2 Nxd5 26. Qxe4 Nxf4 27. exf4 Rxd2
28. Qxg6 Rxg6 29. Rxe7 Rb6 30. Kg3 Rb4 31. Re5 c4 32. f5 Kf8 33. Rbe1 Rd8 34.
R1e2 b5 35. Re7 Rxb2 36. R2e5 Rbd2 37. Rxa7 R2d7 38. Rxd7 Rxd7 39. Rxb5 Rc7 40.
Rb2 c3 41. Rc2 Rc4 42. Kf3 Rh4 43. Ke3 Rxh3+ 44. f3 Rg3 45. Kf4 h4 46. Rxc3 Rg2
47. Rc8+ Ke7 48. Rh8 Rxa2 49. Rxh4 f6 50. Rg4 fxg5+ 51. Kxg5 Ra6 52. Rb4 Rf6
53. Rb7+ Kf8 54. Rc7 Rb6 55. Rd7 Rc6 56. Rd4 Kf7 57. Kf4 1/2-1/2

[Event "Lichtenberger Sommer 2018"]
[Site "?"]
[Date "2018.08.23"]
[Round "6.32"]
[White "Miowitz, Torsten"]
[Black "Hahlbohm, Matthias"]
[Result "1/2-1/2"]
[WhiteElo "1858"]
[BlackElo "2112"]
[PlyCount "97"]
[EventDate "2018.??.??"]
[WhiteTeam "Lasker Steglitz-Wilmersdorf"]
[BlackTeam "TSG Oberschöneweide"]

1. d4 Nf6 2. c4 e6 3. Nc3 d5 4. cxd5 exd5 5. Bg5 c6 6. Qc2 h6 7. Bh4 Be7 8. e3
O-O 9. Bd3 Be6 10. Nge2 Re8 11. O-O Nbd7 12. f3 b5 13. e4 dxe4 14. fxe4 Nb6 15.
b3 a6 16. Rad1 Ng4 17. Bf2 Bg5 18. h3 Nxf2 19. Kxf2 Qc8 20. Ng1 Bh4+ 21. g3 Bf6
22. e5 Be7 23. Bh7+ Kf8 24. Be4 Nd5 25. Nxd5 cxd5 26. Qxc8 Rexc8 27. Bb1 Ba3
28. Kg2 Rc7 29. Ne2 g5 30. Rf6 Kg7 31. Rdf1 Rb8 32. Rd1 a5 33. Rff1 a4 34. Rd2
Rbc8 35. Rdd1 axb3 36. axb3 Bb2 37. Rd2 Bc3 38. Ra2 b4 39. Bf5 Re8 40. Bb1 Ree7
41. Rc2 Re8 42. Ra2 Rec8 43. g4 Rb8 44. Rf6 Rbb7 45. Rf3 Be1 46. Rf1 Bh4 47.
Rc1 Rxc1 48. Nxc1 Rc7 49. Ne2 1/2-1/2

[Event "Lichtenberger Sommer 2018"]
[Site "?"]
[Date "2018.08.23"]
[Round "6.33"]
[White "Bruening, Wolfgang"]
[Black "Püschel, Werner"]
[Result "0-1"]
[WhiteElo "1841"]
[BlackElo "2034"]
[PlyCount "57"]
[EventDate "2018.??.??"]
[WhiteTeam "vereinslos"]
[BlackTeam "Lasker Steglitz-Wilmersdorf"]

1. Nf3 Nf6 2. d4 c5 3. c4 e6 4. g3 b6 5. Bg2 Bb7 6. O-O cxd4 7. Nxd4 Bxg2 8.
Kxg2 Qc7 9. Qd3 Na6 10. b3 Be7 11. Nc3 O-O 12. Bb2 Rfd8 13. f3 Nb4 14. Qd2 d5
15. cxd5 Nbxd5 16. Nxd5 Rxd5 17. Rac1 Qb7 18. Qc3 Rc5 19. Qe1 Rac8 20. e4 Rxc1
21. Bxc1 Bc5 22. Bb2 Qa6 23. Qb1 e5 24. Nf5 Qe2+ 25. Kh3 Bg1 26. Rxg1 Rc2 27.
Rh1 Rxb2 28. Qd1 Qg2+ 29. Kh4 0-1

[Event "Lichtenberger Sommer 2018"]
[Site "?"]
[Date "2018.08.23"]
[Round "6.34"]
[White "Heerde, Thomas"]
[Black "Krüger, Ekkehard"]
[Result "1-0"]
[WhiteElo "2005"]
[BlackElo "1854"]
[PlyCount "54"]
[EventDate "2018.??.??"]
[WhiteTeam "SK Zehlendorf"]
[BlackTeam "SG NARVA Berlin"]

1. Nf3 d5 2. g3 Nf6 3. Bg2 c6 4. O-O Qc7 5. d4 e6 6. c4 Nbd7 7. Qc2 dxc4 8.
Nbd2 Nb6 9. Nxc4 Nxc4 10. Qxc4 Bd6 11. Bg5 Ne4 12. Be3 Bd7 13. Ne5 Nf6 14. f4
Rc8 15. Rac1 Qa5 16. a3 Nd5 17. Bf2 f6 18. Nd3 Ke7 19. e4 Nb6 20. Qc2 e5 21.
fxe5 fxe5 22. dxe5 Bxe5 23. b4 Qb5 24. a4 Nxa4 25. Nxe5 Qxe5 26. Qxa4 a6 27.
Bc5+ Ke8 1-0

[Event "Lichtenberger Sommer 2018"]
[Site "?"]
[Date "2018.08.23"]
[Round "6.35"]
[White "Schäfer, Heiko"]
[Black "Jeß, Arne"]
[Result "1-0"]
[WhiteElo "1978"]
[BlackElo "1814"]
[PlyCount "43"]
[EventDate "2018.??.??"]
[WhiteTeam "Potsdamer SV"]
[BlackTeam "TSG Fredersdorf/Vogelsdorf"]

1. d4 d5 2. c4 e5 3. dxe5 d4 4. Nf3 Nc6 5. g3 Nge7 6. Bg2 Ng6 7. O-O Ngxe5 8.
b3 Nxf3+ 9. Bxf3 Ne5 10. Bg2 Be7 11. Bb2 Bf6 12. Nd2 c5 13. Ne4 Be7 14. e3 Nc6
15. Qh5 g6 16. Qd1 O-O 17. b4 dxe3 18. Qc1 e2 19. Re1 Qd3 20. bxc5 f6 21. Nd6
Kg7 22. Be4 1-0

[Event "Lichtenberger Sommer 2018"]
[Site "?"]
[Date "2018.08.23"]
[Round "6.36"]
[White "Bender, Sebastian"]
[Black "Meister, Alexander"]
[Result "1-0"]
[WhiteElo "1896"]
[BlackElo "1962"]
[PlyCount "71"]
[EventDate "2018.??.??"]
[WhiteTeam "SC Zugzwang 95 (Berlin)"]
[BlackTeam "vereinslos"]

1. e4 c6 2. d4 d5 3. exd5 cxd5 4. c4 Nf6 5. Nc3 e6 6. Nf3 Nc6 7. cxd5 Nxd5 8.
Bd3 Be7 9. O-O Ncb4 10. Bb1 Nxc3 11. bxc3 Nd5 12. Qd3 Bd7 13. Ne5 Rc8 14. c4
Nf6 15. Bg5 Bc6 16. Re1 Kf8 17. Bc2 Ng8 18. Bf4 Bf6 19. Rad1 Ne7 20. Bb3 Ng6
21. Nxg6+ hxg6 22. d5 exd5 23. cxd5 Bd7 24. Rc1 Rxc1 25. Rxc1 Kg8 26. Bg3 Rh5
27. Rc7 Be5 28. d6 Qe8 29. f4 Bf6 30. Qxg6 Rb5 31. Qd3 a6 32. Ba4 Qe6 33. Bxb5
Bxb5 34. Qd1 Bc6 35. d7 Bd8 36. Rc8 1-0

[Event "Lichtenberger Sommer 2018"]
[Site "?"]
[Date "2018.08.23"]
[Round "6.37"]
[White "Bauder, Herbert"]
[Black "Kornrumpf, Joachim"]
[Result "1-0"]
[WhiteElo "1886"]
[BlackElo "2062"]
[PlyCount "61"]
[EventDate "2018.??.??"]
[WhiteTeam "Lasker Steglitz-Wilmersdorf"]
[BlackTeam "Preetzer TSV"]

1. d4 Nf6 2. Nf3 e6 3. c4 c5 4. d5 exd5 5. cxd5 d6 6. Nc3 g6 7. a4 Bg7 8. Nd2
O-O 9. e4 Re8 10. Be2 Na6 11. O-O Nb4 12. f3 Nh5 13. Nc4 Bd4+ 14. Be3 Nf4 15.
Kh1 Bxe3 16. Nxe3 Qg5 17. g3 Nxe2 18. Qxe2 Bh3 19. Rf2 f5 20. Rd1 Re7 21. Nc4
Rd8 22. Qd2 Qf6 23. e5 dxe5 24. Qh6 Red7 25. Qxh3 Nxd5 26. Rfd2 Nxc3 27. Rxd7
Nxd1 28. Qxh7+ Kf8 29. Nxe5 Ne3 30. Rxd8+ Qxd8 31. Qf7# 1-0

[Event "Lichtenberger Sommer 2018"]
[Site "?"]
[Date "2018.08.23"]
[Round "6.38"]
[White "Schönberger, Kay"]
[Black "Kapr, Klaus"]
[Result "0-1"]
[WhiteElo "1889"]
[BlackElo "1999"]
[PlyCount "50"]
[EventDate "2018.??.??"]
[WhiteTeam "SV Koblenz"]
[BlackTeam "SC Friesen Lichtenberg"]

1. d4 d5 2. c4 e5 3. dxe5 d4 4. Nf3 Nc6 5. h3 Be6 6. Nbd2 Nge7 7. Nb3 Ng6 8.
Nbxd4 Nxd4 9. Qxd4 Qxd4 10. Nxd4 Bxc4 11. Nf3 Bb4+ 12. Bd2 Bxd2+ 13. Kxd2
O-O-O+ 14. Kc2 Rhe8 15. e3 Bd5 16. Be2 Nxe5 17. Nxe5 Rxe5 18. Bg4+ f5 19. Bf3
Bxf3 20. gxf3 Rc5+ 21. Kb3 Rd3+ 22. Kb4 Rc2 23. e4 a5+ 24. Kxa5 Rxb2 25. a4 Rd6
0-1

[Event "Lichtenberger Sommer 2018"]
[Site "?"]
[Date "2018.08.23"]
[Round "6.39"]
[White "Schmidt, Jürgen"]
[Black "Bonnez, Finn"]
[Result "0-1"]
[WhiteElo "1874"]
[BlackElo "1946"]
[PlyCount "92"]
[EventDate "2018.??.??"]
[WhiteTeam "SC Kreuzberg"]
[BlackTeam "Norrebro Chessclub"]

1. e4 b6 2. d4 e6 3. c4 Bb7 4. Nc3 d6 5. Nf3 Nd7 6. Bd3 e5 7. O-O g6 8. dxe5
dxe5 9. Qe2 c6 10. a3 Bg7 11. Rd1 Qc7 12. Be3 Ngf6 13. b4 O-O 14. Rac1 Rfe8 15.
Nd2 Nf8 16. c5 Ne6 17. cxb6 axb6 18. Nd5 Nxd5 19. exd5 Nd4 20. Bxd4 exd4 21.
Qf3 c5 22. bxc5 bxc5 23. Bc4 Bh6 24. Rb1 Bxd2 25. Rxd2 Ba6 26. Rc2 Bxc4 27.
Rxc4 Qd6 28. g3 Red8 29. Rbc1 Qxd5 30. Qxd5 Rxd5 31. Rxc5 Rxc5 32. Rxc5 Rxa3
33. Rd5 Ra4 34. Kf1 Kf8 35. Ke2 Ke7 36. Kd3 Ra2 37. f3 Rxh2 38. Rxd4 Rh3 39.
Re4+ Kf8 40. Rg4 h5 41. Rg5 Kg7 42. Ke3 f6 43. Ra5 Rxg3 44. Kf4 h4 45. Ra7+ Kh6
46. Ra1 g5+ 0-1

[Event "Lichtenberger Sommer 2018"]
[Site "?"]
[Date "2018.08.23"]
[Round "6.40"]
[White "Deutschbein, Christopher"]
[Black "Baranowsky, Peter"]
[Result "1-0"]
[WhiteElo "1990"]
[BlackElo "1848"]
[PlyCount "67"]
[EventDate "2018.??.??"]
[WhiteTeam "Eckernförder SC"]
[BlackTeam "SF 1903 Berlin"]

1. Nf3 Nf6 2. g3 g6 3. Bg2 Bg7 4. O-O O-O 5. d3 d6 6. e4 c6 7. Nh4 Qb6 8. Nd2
d5 9. c3 e5 10. Nb3 Bg4 11. Qc2 Nbd7 12. Be3 Qc7 13. Rae1 dxe4 14. dxe4 Rfd8
15. f4 exf4 16. gxf4 Be6 17. Nd2 Ng4 18. Kh1 g5 19. Nf5 Bxf5 20. exf5 Nxe3 21.
Rxe3 gxf4 22. Rh3 Nf6 23. Rh4 Rd7 24. Ne4 Rad8 25. Rhxf4 Qe5 26. Nxf6+ Qxf6 27.
Rg4 Rd2 28. Qb3 b6 29. Qa3 Kh8 30. Qxa7 h5 31. Rg3 Rd1 32. Qxb6 Rxf1+ 33. Bxf1
Qxf5 34. Qxd8+ 1-0

[Event "Lichtenberger Sommer 2018"]
[Site "?"]
[Date "2018.08.23"]
[Round "6.41"]
[White "Kretzschmar, Jan"]
[Black "Eberlein, Johann"]
[Result "0-1"]
[WhiteElo "1817"]
[BlackElo "1936"]
[PlyCount "60"]
[EventDate "2018.??.??"]
[WhiteTeam "SC Kreuzberg"]
[BlackTeam "BSV 63 Chemie Weißensee"]

1. d4 Nc6 2. Nf3 d5 3. Bf4 Bg4 4. e3 e6 5. Be2 Bd6 6. Bg3 Nf6 7. Bh4 O-O 8. c3
b6 9. Nbd2 Re8 10. Qa4 a6 11. Bd3 b5 12. Qc2 e5 13. dxe5 Nxe5 14. Bf5 Bxf5 15.
Qxf5 Qd7 16. Qc2 Nxf3+ 17. gxf3 Qe6 18. Bxf6 Qxf6 19. Qd3 c6 20. h4 b4 21. Qd4
bxc3 22. bxc3 Be5 23. Qd3 Bxc3 24. Rc1 d4 25. e4 Rab8 26. Ke2 Rb2 27. Rc2 Reb8
28. Nc4 Rxc2+ 29. Qxc2 Qe6 30. Qd3 Rb4 0-1

[Event "Lichtenberger Sommer 2018"]
[Site "?"]
[Date "2018.08.23"]
[Round "6.42"]
[White "Schumacher, Gerhard"]
[Black "Plaza Reino, Agustin"]
[Result "0-1"]
[WhiteElo "1759"]
[BlackElo "1944"]
[PlyCount "68"]
[EventDate "2018.??.??"]
[WhiteTeam "SG BVG Helmholz 55"]
[BlackTeam "Enniscorthy Chess Club"]

1. Nf3 d5 2. g3 Nf6 3. d3 Nc6 4. Nbd2 e5 5. e4 dxe4 6. dxe4 Be6 7. Bg2 Qd7 8.
O-O Bc5 9. c3 Bb6 10. Qe2 Bg4 11. Nc4 O-O 12. Bg5 Qe6 13. Bxf6 Qxf6 14. Ne3
Bxe3 15. Qxe3 Rfd8 16. Rfd1 Rd6 17. h3 Bh5 18. g4 Bg6 19. Rd5 Rad8 20. Rad1 b6
21. Nd2 Ne7 22. Rxd6 Rxd6 23. Qe2 Nc6 24. Nc4 Rd8 25. Rxd8+ Qxd8 26. Qd2 Qxd2
27. Nxd2 f6 28. Bf1 Bf7 29. Bc4 Bxc4 30. Nxc4 Nd8 31. Ne3 Kf7 32. Kg2 c6 33.
Kf3 Ne6 34. b4 Ng5+ 0-1

[Event "Lichtenberger Sommer 2018"]
[Site "?"]
[Date "2018.08.23"]
[Round "6.44"]
[White "Birkholz, Axel"]
[Black "Jaeger, Andre"]
[Result "1/2-1/2"]
[WhiteElo "1858"]
[BlackElo "1974"]
[PlyCount "65"]
[EventDate "2018.??.??"]
[WhiteTeam "SR Spaichingen"]
[BlackTeam "SC Rochade (Berlin)"]

1. e4 c5 2. Nf3 Nc6 3. d4 cxd4 4. Nxd4 Nf6 5. Nc3 e5 6. Ndb5 d6 7. Bg5 a6 8.
Na3 b5 9. Nd5 Be7 10. Bxf6 Bxf6 11. c4 Nd4 12. cxb5 Be6 13. Nxf6+ Qxf6 14. Nc2
Bg4 15. Qd2 O-O 16. Nxd4 exd4 17. f3 Be6 18. bxa6 d5 19. Bd3 dxe4 20. fxe4 Rae8
21. Qf2 Qxf2+ 22. Kxf2 f5 23. e5 Bd5 24. Rhe1 Kh8 25. Rac1 Be4 26. Bb5 Rxe5 27.
a4 g5 28. a7 Re7 29. Rcd1 Rd8 30. Bc6 Rxa7 31. Bxe4 fxe4 32. Rxe4 Rxa4 33. Kf3
1/2-1/2

[Event "Lichtenberger Sommer 2018"]
[Site "?"]
[Date "2018.08.23"]
[Round "6.45"]
[White "Badestein, Hartmut"]
[Black "Ho, Ngoc Hai-Dang"]
[Result "1/2-1/2"]
[WhiteElo "2025"]
[BlackElo "1582"]
[PlyCount "103"]
[EventDate "2018.??.??"]
[WhiteTeam "SC Friesen Lichtenberg"]
[BlackTeam "SV Mattnetz Berlin"]

1. d4 Nf6 2. Nf3 d5 3. Bf4 e6 4. e3 Bd6 5. Bg3 O-O 6. Bd3 b6 7. Nbd2 Bb7 8. Ne5
Nbd7 9. Qf3 Qe7 10. c3 c5 11. O-O Rac8 12. a4 Bb8 13. Rfe1 Nxe5 14. Bxe5 Bxe5
15. dxe5 Nd7 16. Qg3 f6 17. Nf3 Nxe5 18. Nxe5 fxe5 19. Qxe5 Qf6 20. Qxf6 Rxf6
21. a5 c4 22. Be2 b5 23. f4 Rf7 24. Bg4 Re8 25. Rf1 g6 26. Rad1 Rf6 27. g3 Kg7
28. Bf3 Rf7 29. Rfe1 Rd7 30. e4 Red8 31. exd5 Bxd5 32. Kf2 Kf6 33. Bg4 Rd6 34.
Re5 Bc6 35. Rxd6 Rxd6 36. Ke2 Bd7 37. Rc5 Ra6 38. Kd2 Rxa5 39. Re5 Ra2 40. Kc2
Ra6 41. Bf3 Rd6 42. Be4 a6 43. Rc5 Ke7 44. h4 Rb6 45. h5 Kf6 46. hxg6 hxg6 47.
g4 Rd6 48. Rg5 Be8 49. Rc5 Bd7 50. Rg5 Be8 51. Rc5 Bd7 52. Rg5 1/2-1/2

[Event "Lichtenberger Sommer 2018"]
[Site "?"]
[Date "2018.08.23"]
[Round "6.46"]
[White "Kreuchauf, Olaf"]
[Black "Tschernatsch, Johannes"]
[Result "0-1"]
[WhiteElo "1674"]
[BlackElo "1714"]
[PlyCount "50"]
[EventDate "2018.??.??"]
[WhiteTeam "SC Eintracht Berlin"]
[BlackTeam "USV Potsdam"]

1. c4 Nf6 2. Nc3 g6 3. e4 d6 4. d4 Bg7 5. h3 O-O 6. Bd3 c5 7. d5 e6 8. Nge2
exd5 9. exd5 a6 10. a4 Nbd7 11. b3 Ne5 12. Bc2 Nh5 13. O-O Qh4 14. Ne4 Nf3+ 15.
gxf3 Bxa1 16. Bg5 Qxh3 17. Qxa1 Qxf3 18. Nf4 Nxf4 19. Nf6+ Kh8 20. Nh5+ f6 21.
Nxf4 Qg4+ 22. Kh2 Qxg5 23. Nxg6+ hxg6 24. Rh1 Kg7 25. Rg1 Rh8# 0-1

[Event "Lichtenberger Sommer 2018"]
[Site "?"]
[Date "2018.08.23"]
[Round "6.47"]
[White "Eisheh, Jens-Tarek"]
[Black "Weber, Gerald"]
[Result "0-1"]
[WhiteElo "1947"]
[BlackElo "1714"]
[PlyCount "118"]
[EventDate "2018.??.??"]
[WhiteTeam "Lübecker SV"]
[BlackTeam "SSV Rotation Berlin"]

1. e4 c6 2. d4 d5 3. e5 Bf5 4. Nf3 e6 5. Be2 Nd7 6. O-O c5 7. c3 Qb6 8. Qa4 a6
9. dxc5 Bxc5 10. Nbd2 Qc6 11. Qd1 Qc7 12. Nb3 Ba7 13. Bf4 Ne7 14. Nbd4 Bg6 15.
Bd3 O-O 16. Re1 Bxd3 17. Qxd3 Ng6 18. g3 Nc5 19. Qe2 Nxf4 20. gxf4 Qe7 21. f5
Ne4 22. Kh1 Bxd4 23. Nxd4 exf5 24. f3 Ng5 25. Nxf5 Qe6 26. Qd3 g6 27. Rg1 Nh3
28. Rg2 Nf4 29. Nh6+ Kh8 30. Qe3 Nxg2 31. Kxg2 f5 32. f4 Qe7 33. Qg3 Rac8 34.
Rd1 Kg7 35. Qh3 Rc6 36. Rxd5 Qe6 37. Rd2 Rc4 38. Rd6 Qe7 39. Qd3 Rc7 40. Qh3
Rd7 41. Rd4 b5 42. Kf1 Rxd4 43. cxd4 Qb4 44. Qh4 Qc4+ 45. Ke1 Qc1+ 46. Ke2
Qxb2+ 47. Kd3 Qb1+ 48. Kd2 Qxa2+ 49. Ke3 Qe6 50. d5 Qe8 51. e6 Rf6 52. Kd2 Qd8
53. Nxf5+ gxf5 54. Qg5+ Kh8 55. Kc2 Qc8+ 56. Kb2 Rg6 57. Qxf5 Rg2+ 58. Kb1 Rg1+
59. Ka2 Qc4+ 0-1